000 01405nam a2200325 a 4500
001 BRCA_5169
005 20190320204953.0
008 241110s1800----mx-######v---#000-0#spa-#
041 _aspa
044 _amx
084 _aDOC119
_b.C36
_c1800
100 1 _aCamarena, José Antonio
_913224
245 1 0 _aDocumento expedido a José Antonio Camarena
_cJosé Antonio Camarena ; Rita Zepeda.
260 _aMéxico
_c1800
300 _a[5] fojas
_c31 x 21 cm.
500 _aDocumento firmado el 3 de febrero de 1800.
500 _aEscritura de una esclava que vendió Doña Rita Zepeda a Don José Antonio Camarena.
500 _aContiene sellos con el escudo de la casa de Borbón y lema: ´SELLO SEGUNDO. SEIS REALES. AÑOS DE MIL SETECIENTOS NOVENTA Y SEIS Y NOVENTA Y SIETE´.
500 _aEl documento contiene la leyenda DOC. #283.
500 _aPapel con marca de agua.
500 _aEstado de conservación: contiene manchas por acidez y los márgenes deteriorados.
506 0 _aFondo Reservado. Para su consulta es necesario credencial de usuario y carta de motivos.
546 _aTexto en: español de principios del siglo XIX.
600 1 4 _aCamarena, José Antonio
_xHistoria
_913225
650 1 4 _aDocumentos legales
_vManúscritos
_xHistoria
_912814
651 4 _aMéxico
_xHistoria
_zColonia, 1521-1821
_913226
700 1 _aZepeda, Rita
_913227
902 _aFDH
942 _2lcc
_cD
999 _c4863
_d4863